[Event "6th Sharjah Masters 2023"]
[Site "Sharjah UAE"]
[Date "2023.05.18"]
[Round "2.26"]
[White "Puranik, Abhimanyu"]
[Black "Galperin, Platon"]
[Result "0-1"]
[WhiteTitle "GM"]
[BlackTitle "GM"]
[WhiteElo "2613"]
[BlackElo "2528"]
[WhiteFideId "5061245"]
[BlackFideId "14165414"]
[EventDate "2023.05.17"]
[EventType "swiss"]

1. e4 c5 2. Nf3 e6 3. d4 cxd4 4. Nxd4 Nc6 5. Nc3 a6 6. Nxc6 bxc6 7. Bd3 d5 8.
O-O Nf6 9. Qe2 Be7 10. Bf4 O-O 11. Rad1 Qb6 12. b3 Re8 13. e5 Nd7 14. Na4 Qb8
15. c4 a5 16. h4 Ba6 17. h5 Bf8 18. g3 Qd8 19. Qc2 g6 20. Rfe1 Bg7 21. Kg2 Bb7
22. cxd5 cxd5 23. Nc5 Nxc5 24. Qxc5 Rc8 25. Qd4 Qe7 26. Bd2 Qa3 27. Rc1 Qxa2 28.
Rcd1 Qxb3 29. Rb1 Rc4 30. Rxb3 Rxd4 31. Bxa5 gxh5 32. Rd1 Bc6 33. Bxh7+ Kxh7 34.
Rxd4 Bxe5 35. Rh4 Kg6 36. g4 hxg4 37. Rxg4+ Kf5 38. f3 Ra8 39. Bc3 Ra2+ 40. Kf1
d4 41. Bxd4 Bxf3 42. Rh4 Bd5 43. Re3 Bf4 44. Rc3 Bg5 45. Rh7 e5 46. Be3 Bxe3 47.
Rxe3 Kf4 48. Rd3 Be6 49. Ke1 e4 50. Rd2 Ra1+ 51. Rd1 Ra3 52. Rd6 Ke3 53. Rg7
Ra1+ 54. Rd1 Rxd1+ 55. Kxd1 Kf2 56. Rg5 e3 57. Re5 Bg4+ 58. Kc2 f5 59. Kd3 e2
60. Kd2 f4 61. Re4 f3 0-1

[Event "6th Sharjah Masters 2023"]
[Site "Sharjah UAE"]
[Date "2023.05.18"]
[Round "2.27"]
[White "Vakhidov, Jakhongir"]
[Black "Aditya, Mittal"]
[Result "1/2-1/2"]
[WhiteTitle "GM"]
[BlackTitle "GM"]
[WhiteElo "2607"]
[BlackElo "2522"]
[WhiteFideId "14201801"]
[BlackFideId "35042025"]
[EventDate "2023.05.17"]
[EventType "swiss"]

1. c4 e6 2. g3 d5 3. Bg2 Nf6 4. Nf3 d4 5. d3 Nc6 6. O-O Bc5 7. Nbd2 O-O 8. Nb3
Be7 9. e3 dxe3 10. Bxe3 Ng4 11. Bc5 Bxc5 12. Nxc5 b6 13. Nb3 Bb7 14. Qe2 a5 15.
h3 Nf6 16. Ne5 Qd6 17. Nxc6 Bxc6 18. Bxc6 Qxc6 19. Nd4 Qd6 20. Nf3 e5 21. Qxe5
Qxd3 22. Kg2 Rac8 23. Qd4 Rfd8 24. Qxd3 Rxd3 25. Rfe1 Kf8 26. Re2 Re8 27. Ne5
Rd4 28. Rae1 g5 29. c5 Kg7 30. cxb6 cxb6 31. b3 h6 1/2-1/2

[Event "6th Sharjah Masters 2023"]
[Site "Sharjah UAE"]
[Date "2023.05.18"]
[Round "2.28"]
[White "Robson, Ray"]
[Black "Asis Gargatagli, Hipolito"]
[Result "1/2-1/2"]
[WhiteTitle "GM"]
[BlackTitle "GM"]
[WhiteElo "2704"]
[BlackElo "2519"]
[WhiteFideId "2023970"]
[BlackFideId "2260735"]
[EventDate "2023.05.17"]
[EventType "swiss"]

1. c4 g6 2. d4 Nf6 3. Nc3 Bg7 4. e4 d6 5. Nf3 O-O 6. Be2 e5 7. d5 a5 8. Be3 Na6
9. Nd2 Nd7 10. g4 Ndc5 11. h4 f5 12. f3 fxg4 13. fxg4 c6 14. a3 Bd7 15. Qc2 cxd5
16. cxd5 Rc8 17. g5 a4 18. Qd1 Qb6 19. Nc4 Qc7 20. Nd2 Qb6 21. Nc4 Qc7 22. Rf1
Rxf1+ 23. Kxf1 Nb3 24. Bb6 Bh3+ 25. Kg1 Qd7 26. Rb1 Nd4 27. Ne3 Rf8 28. Kh2 h5
29. gxh6 Bxh6 30. Bg4 Qe7 31. Bxh3 Bxe3 32. Qg4 Nf3+ 33. Kg3 Bxb6 34. Rf1 Nxh4
35. Qe6+ Qxe6 36. Bxe6+ Kg7 37. Rxf8 Kxf8 38. Kxh4 Nc5 39. Bg4 Bd8+ 40. Kh3 Ba5
41. Nb5 Nxe4 42. Bc8 b6 43. Kg2 Ke7 44. Na7 Bd2 45. Kf3 Ng5+ 46. Ke2 Bc1 47. Ba6
Bxb2 48. Nc8+ Kf6 49. Nxb6 Bxa3 50. Nxa4 e4 51. Nb6 Bc5 52. Nd7+ Ke7 53. Nxc5
dxc5 54. Ke3 Kd6 55. Kf4 Kxd5 56. Kxg5 c4 57. Kf4 Kd4 58. Bxc4 g5+ 59. Kf5 g4
60. Bf1 Ke3 61. Kxg4 Kf2 62. Kf4 Kxf1 63. Kxe4 1/2-1/2

[Event "6th Sharjah Masters 2023"]
[Site "Sharjah UAE"]
[Date "2023.05.18"]
[Round "2.29"]
[White "Yuffa, Daniil"]
[Black "Chigaev, Maksim"]
[Result "1/2-1/2"]
[WhiteTitle "GM"]
[BlackTitle "GM"]
[WhiteElo "2592"]
[BlackElo "2628"]
[WhiteFideId "24131423"]
[BlackFideId "4108116"]
[EventDate "2023.05.17"]
[EventType "swiss"]

1. d4 Nf6 2. c4 e6 3. Nf3 d5 4. g3 Bb4+ 5. Bd2 Be7 6. Bg2 O-O 7. O-O Nbd7 8. Qc2
c6 9. Bf4 b6 10. Nbd2 Nh5 11. Be3 Nhf6 12. Bf4 Nh5 13. Be3 Nhf6 14. Bf4 Nh5 1/2-1/2

[Event "6th Sharjah Masters 2023"]
[Site "Sharjah UAE"]
[Date "2023.05.18"]
[Round "2.30"]
[White "Karthikeyan, Murali"]
[Black "Theodorou, Nikolas"]
[Result "1/2-1/2"]
[WhiteTitle "GM"]
[BlackTitle "GM"]
[WhiteElo "2627"]
[BlackElo "2591"]
[WhiteFideId "5074452"]
[BlackFideId "4262875"]
[EventDate "2023.05.17"]
[EventType "swiss"]

1. Nf3 d5 2. d4 Nf6 3. Bf4 Bf5 4. e3 e6 5. Be2 Bd6 6. Ne5 Nfd7 7. Nd3 Bxd3 8.
Bxd3 Bxf4 9. exf4 Qf6 10. f5 Qxd4 11. fxe6 Qe5+ 12. Be2 fxe6 13. Nc3 O-O 14. O-O
Nc5 15. Bg4 Nc6 16. Re1 Qf6 17. Qd2 Rad8 18. h3 g6 19. Rab1 h5 20. Bd1 Ne5 21.
b3 c6 22. f4 Nf7 23. Ne2 e5 24. Qe3 Ne4 25. fxe5 Nxe5 26. Ng3 Qh4 27. Nxe4 dxe4
28. Qxe4 Qf2+ 29. Kh1 Rd5 30. Rg1 Qg3 31. b4 Rf4 32. Qe1 Rf2 33. Rb3 Qf4 34. Qe3
Qxe3 35. Rxe3 Rfd2 36. Ree1 Kg7 37. c4 Rd7 38. Rxe5 Rxd1 39. b5 Kf6 40. Re3
Rxg1+ 41. Kxg1 Rd1+ 42. Kh2 cxb5 43. cxb5 Rb1 44. Ra3 Ke5 1/2-1/2

[Event "6th Sharjah Masters 2023"]
[Site "Sharjah UAE"]
[Date "2023.05.18"]
[Round "2.31"]
[White "Adhiban, Baskaran"]
[Black "Yoo, Christopher Woojin"]
[Result "0-1"]
[WhiteTitle "GM"]
[BlackTitle "GM"]
[WhiteElo "2589"]
[BlackElo "2607"]
[WhiteFideId "5018471"]
[BlackFideId "30909694"]
[EventDate "2023.05.17"]
[EventType "swiss"]

1. e4 c6 2. d4 d5 3. e5 c5 4. dxc5 Nc6 5. Nf3 Bg4 6. c3 e6 7. b4 a6 8. Nbd2 Nxe5
9. h3 Bxf3 10. Nxf3 Nxf3+ 11. Qxf3 g6 12. Bd3 Bg7 13. O-O Ne7 14. Bg5 O-O 15.
Rad1 a5 16. Bb1 Qc7 17. Rfe1 axb4 18. cxb4 Ra4 19. a3 Nc6 20. Bc1 b6 21. cxb6
Qxb6 22. h4 Nd4 23. Qh3 Nb5 24. Rd3 Rc8 25. h5 Ra7 26. h6 Bd4 27. Qh4 Rac7 28.
Be3 Bxe3 29. Rdxe3 Qd4 30. Qg5 Nd6 31. Qg3 Nc4 32. Rd3 Qb6 33. Qh4 Qd6 34. Rc3
e5 35. Bd3 f5 36. Qg3 f4 37. Qg4 Nb6 38. Rxc7 Rxc7 39. Rd1 Na4 40. Re1 Nc3 41.
b5 e4 42. Bf1 d4 43. b6 Qxb6 44. Qxf4 Qc5 45. Qf6 Rf7 46. Qd8+ Rf8 47. Qd7 Rf7
48. Qd8+ Rf8 49. Qd7 Qe5 50. f3 Qf6 51. fxe4 Kh8 52. e5 Qf2+ 53. Kh2 Qf4+ 54.
Kg1 Ne2+ 55. Rxe2 Qxf1+ 56. Kh2 Qf4+ 57. g3 Qxh6+ 58. Qh3 Qc1 59. Qh4 d3 60. Rg2
d2 61. Qh6 Rf1 0-1

[Event "6th Sharjah Masters 2023"]
[Site "Sharjah UAE"]
[Date "2023.05.18"]
[Round "2.32"]
[White "Vescovi, Giovanni"]
[Black "Azarov, Sergei"]
[Result "1/2-1/2"]
[WhiteTitle "GM"]
[BlackTitle "GM"]
[WhiteElo "2606"]
[BlackElo "2582"]
[WhiteFideId "2100789"]
[BlackFideId "13501470"]
[EventDate "2023.05.17"]
[EventType "swiss"]

1. d4 d5 2. c4 c6 3. Nf3 Nf6 4. Nc3 e6 5. g3 dxc4 6. Bg2 b5 7. Ne5 Nd5 8. O-O
Bb7 9. a4 a6 10. e4 Nxc3 11. bxc3 Nd7 12. f4 Bd6 13. Rb1 Rb8 14. Nxd7 Qxd7 15.
f5 exf5 16. Bh3 O-O 17. Bxf5 Qd8 18. Qg4 g6 19. Bg5 Be7 20. Bh6 b4 21. Be6 fxe6
22. Qxe6+ Kh8 23. Rxf8+ Bxf8 24. Qe5+ Kg8 25. Qe6+ Kh8 26. Qe5+ Kg8 27. Bf4 b3
28. Qe6+ Kh8 29. Bxb8 Qxb8 30. Qxc4 Qe8 31. Rxb3 Bc8 32. Rb8 Qd7 33. e5 Kg7 34.
Rb6 Qg4 35. Rxc6 Bf5 36. Rc7+ Kh8 37. Qf7 Qd1+ 38. Kf2 Qd2+ 39. Kf3 Qd3+ 40. Kf2
Qc2+ 41. Kf3 Qd3+ 42. Kf2 Qd2+ 1/2-1/2

[Event "6th Sharjah Masters 2023"]
[Site "Sharjah UAE"]
[Date "2023.05.18"]
[Round "2.33"]
[White "Mastrovasilis, Dimitrios"]
[Black "Kobalia, Mikhail"]
[Result "1/2-1/2"]
[WhiteTitle "GM"]
[BlackTitle "GM"]
[WhiteElo "2603"]
[BlackElo "2578"]
[WhiteFideId "4202694"]
[BlackFideId "4119150"]
[EventDate "2023.05.17"]
[EventType "swiss"]

1. e4 e5 2. Nf3 Nc6 3. Bb5 a6 4. Ba4 Nf6 5. O-O Be7 6. d3 b5 7. Bb3 O-O 8. a4 b4
9. a5 d6 10. Nbd2 h6 11. Re1 Be6 12. Bc4 Qc8 13. Nf1 Qb7 14. Ne3 Bxc4 15. dxc4
Rfe8 16. Nd5 Nd8 17. Be3 Ne6 18. Nd2 c6 19. Nb6 Rad8 20. Qf3 Nd7 21. c3 bxc3 22.
bxc3 Ndc5 23. Reb1 Bg5 24. Bxc5 Nxc5 25. Nb3 Nxb3 26. Rxb3 d5 27. cxd5 cxd5 28.
exd5 e4 29. Qd1 e3 30. fxe3 Bxe3+ 31. Kh1 Qc7 32. Qf3 Bc5 33. Rbb1 Re3 34. Qf1
Bd6 35. h3 Rxc3 36. Rc1 Be5 37. Rab1 Qc5 38. Na4 Rxc1 39. Nxc5 Rxf1+ 40. Rxf1
Rxd5 41. Nxa6 Rxa5 42. Nb4 Bd6 43. Nd3 h5 44. Rd1 Rf5 45. Kg1 g5 46. Nc1 Bc5+
47. Kh1 Kg7 48. Ne2 Re5 49. Rd2 Kg6 50. g3 Rf5 51. Nd4 Rf1+ 52. Kg2 Rb1 53. Kf3
Rb4 54. Ne2 Rb3+ 55. Kg2 f6 56. Rc2 Bd6 57. Rc3 Rb2 58. Kf3 Be5 59. Re3 Bb8 60.
g4 Be5 61. Ng3 Rh2 62. gxh5+ Kh6 63. Nf5+ Kxh5 64. Ke4 Rf2 65. Rf3 Re2+ 66. Re3
Ra2 67. Kf3 Kg6 68. Ne7+ Kh5 69. Nf5 Ra1 70. Kg2 g4 71. hxg4+ Kxg4 72. Nh6+ Kf4
73. Rf3+ Ke4 74. Ng4 Ra6 75. Nf2+ Kd5 76. Ng4 Bd4 77. Kg3 Ke6 78. Rd3 Ra4 79.
Kf3 f5 80. Ne3 Ke5 81. Rb3 1/2-1/2

[Event "6th Sharjah Masters 2023"]
[Site "Sharjah UAE"]
[Date "2023.05.18"]
[Round "2.34"]
[White "Harsha, Bharathakoti"]
[Black "Tin, Jingyao"]
[Result "1/2-1/2"]
[WhiteTitle "GM"]
[BlackTitle "GM"]
[WhiteElo "2602"]
[BlackElo "2576"]
[WhiteFideId "5078776"]
[BlackFideId "5804418"]
[EventDate "2023.05.17"]
[EventType "swiss"]

1. e4 e5 2. Nf3 Nc6 3. d4 exd4 4. Nxd4 Nf6 5. Nxc6 bxc6 6. e5 Qe7 7. Qe2 Nd5 8.
g3 g6 9. c4 Ba6 10. b3 Bg7 11. Bb2 O-O 12. Bg2 Rae8 13. O-O Bxe5 14. Qxe5 Qxe5
15. Bxe5 Rxe5 16. cxd5 Bxf1 17. Kxf1 cxd5 18. Na3 c6 19. Rd1 Rfe8 20. Bf3 Kf8
21. Nc2 Ke7 22. Rd4 Kd6 23. Ra4 Ra8 24. Ra6 Ree8 25. Nb4 Kc5 26. Ra4 a5 27. Nd3+
Kb6 28. h4 f5 29. Nf4 1/2-1/2

[Event "6th Sharjah Masters 2023"]
[Site "Sharjah UAE"]
[Date "2023.05.18"]
[Round "2.35"]
[White "Piorun, Kacper"]
[Black "Kuybokarov, Temur"]
[Result "0-1"]
[WhiteTitle "GM"]
[BlackTitle "GM"]
[WhiteElo "2601"]
[BlackElo "2566"]
[WhiteFideId "1130420"]
[BlackFideId "14203049"]
[EventDate "2023.05.17"]
[EventType "swiss"]

1. d4 Nf6 2. c4 g6 3. Nf3 Bg7 4. g3 c6 5. Bg2 d6 6. O-O O-O 7. Nc3 Bf5 8. Re1
Ne4 9. Qb3 Nxc3 10. bxc3 Bc8 11. e4 Nd7 12. Ba3 Rb8 13. e5 dxe5 14. dxe5 Nb6 15.
Nd4 Qc7 16. f4 Rd8 17. Rab1 Bf5 18. Nxf5 gxf5 19. c5 Nd7 20. e6 Nf8 21. exf7+
Kh8 22. Red1 Rdc8 23. c4 e6 24. Bb2 Qxf7 25. Rd6 Re8 26. Bf3 Kg8 27. Qd1 Bxb2
28. Rxb2 Qg7 29. Rg2 Re7 30. g4 Ng6 31. gxf5 exf5 32. h4 Rbe8 33. Rd8 Qc3 34.
Rxe8+ Rxe8 35. Kh2 Qf6 36. Rg5 Rd8 37. Qe1 h6 38. Rg3 Qxh4+ 39. Kg1 Kf7 40. a4
Rg8 41. Bg2 Ne5 42. Qxe5 Rxg3 43. Qxf5+ Qf6 44. Qd7+ Qe7 45. Qf5+ Kg7 46. Kf1
Rg6 47. Be4 Qe6 0-1

[Event "6th Sharjah Masters 2023"]
[Site "Sharjah UAE"]
[Date "2023.05.18"]
[Round "2.36"]
[White "Iskandarov, Misratdin"]
[Black "Sanal, Vahap"]
[Result "1/2-1/2"]
[WhiteTitle "GM"]
[BlackTitle "GM"]
[WhiteElo "2577"]
[BlackElo "2600"]
[WhiteFideId "13400312"]
[BlackFideId "6300545"]
[EventDate "2023.05.17"]
[EventType "swiss"]

1. e4 e5 2. Nf3 Nc6 3. Bb5 Nf6 4. O-O Nxe4 5. Re1 Nd6 6. Bf1 Be7 7. Nc3 O-O 8.
d4 e4 9. Nxe4 Nxe4 10. Rxe4 d5 11. Re1 Bf5 12. c3 Bd6 13. g3 Ne7 14. Nh4 Be4 15.
f3 Bg6 16. Bh3 c5 17. Be3 Qc7 18. Bf2 Rad8 19. a3 cxd4 20. cxd4 Nc6 21. b4 Be7
22. Nxg6 hxg6 23. Rc1 a6 24. f4 Rfe8 25. Bg2 Qd7 26. Bf3 g5 27. fxg5 Bxg5 28.
Rxe8+ Rxe8 29. Rc3 Ne7 30. Qc2 Qe6 31. h4 Bh6 32. Qe2 Rc8 33. Qc2 Rxc3 34. Qxc3
g6 35. g4 Bf4 36. Kg2 Kg7 37. Qc5 b6 38. Qc2 b5 39. Qc5 Kh7 40. Kf1 Kg7 41. Kg2
Kh7 42. Kf1 Be3 43. Qc3 Bxf2 44. Kxf2 Qf6 45. Kg3 Nc6 46. Qc5 Nxd4 47. Qxd5 Ne6
48. Qe4 Qc3 49. h5 Qc7+ 50. Kg2 Nf4+ 51. Kf2 Nh3+ 52. Kg2 Nf4+ 53. Kf2 Kh6 54.
hxg6 fxg6 55. Qd4 Kg5 56. Be4 Kxg4 57. Bxg6 Qe7 58. Qd1+ Kg5 59. Bc2 Qc7 60. Be4
Nh3+ 61. Kg2 Nf4+ 62. Kf2 Nh3+ 63. Kg2 Nf4+ 64. Kf2 Nh3+ 65. Kg2 Nf4+ 66. Kf2
Nh3+ 1/2-1/2

[Event "6th Sharjah Masters 2023"]
[Site "Sharjah UAE"]
[Date "2023.05.18"]
[Round "2.37"]
[White "Mishra, Abhimanyu"]
[Black "Ivic, Velimir"]
[Result "0-1"]
[WhiteTitle "GM"]
[BlackTitle "GM"]
[WhiteElo "2550"]
[BlackElo "2595"]
[WhiteFideId "30920019"]
[BlackFideId "950122"]
[EventDate "2023.05.17"]
[EventType "swiss"]

1. d4 Nf6 2. c4 g6 3. g3 c5 4. dxc5 Na6 5. Bg2 Nxc5 6. Nc3 Bg7 7. Nf3 b6 8. Nd4
Bb7 9. Bxb7 Nxb7 10. e4 O-O 11. O-O d6 12. b3 Nc5 13. f3 Qd7 14. Be3 Qb7 15. Qe2
e6 16. Rad1 a6 17. Rd2 Rac8 18. Nc2 Qc7 19. Rfd1 Rfd8 20. Bd4 Ncd7 21. a4 Nc5
22. Rb1 h5 23. Kg2 h4 24. g4 Qe7 25. Qf2 g5 26. Qe3 Nfd7 27. Bxg7 Kxg7 28. Nd4
Qf6 29. h3 Ne5 30. Nce2 Ng6 31. Nc2 Qe5 32. Qd4 Kf8 33. Ne3 Ke7 34. Nf1 Qxd4 35.
Rxd4 Nf4+ 36. Nxf4 gxf4 37. Kf2 Nd7 38. Ke2 Ne5 39. Rdd1 b5 40. axb5 axb5 41.
Nd2 b4 42. Ra1 Ra8 43. Ra4 Rxa4 44. bxa4 Ra8 45. Ra1 Kd7 46. Kd1 Kc6 47. Kc2 Kc5
48. Kb3 Kd4 49. a5 Nc6 50. a6 Kc5 51. Kb2 Kb6 52. Nb3 Ne5 53. Ra4 Nxc4+ 54. Kc2
Kb5 55. Ra1 Rxa6 56. Nd4+ Kb6 57. Rxa6+ Kxa6 58. Kb3 Nd2+ 59. Kxb4 e5 60. Kc3
Nb1+ 61. Kd3 exd4 62. Kxd4 Nd2 63. e5 Nxf3+ 64. Ke4 dxe5 65. Kxf3 f6 0-1

[Event "6th Sharjah Masters 2023"]
[Site "Sharjah UAE"]
[Date "2023.05.18"]
[Round "2.38"]
[White "Dragnev, Valentin"]
[Black "Acs, Peter"]
[Result "0-1"]
[WhiteTitle "GM"]
[BlackTitle "GM"]
[WhiteElo "2593"]
[BlackElo "2561"]
[WhiteFideId "1634852"]
[BlackFideId "708020"]
[EventDate "2023.05.17"]
[EventType "swiss"]

1. e4 c5 2. Nc3 Nc6 3. Nf3 d6 4. d4 cxd4 5. Nxd4 Nf6 6. Bg5 e6 7. Qd2 a6 8.
O-O-O Bd7 9. Kb1 h6 10. Be3 Be7 11. f3 h5 12. h3 Rc8 13. Nxc6 Bxc6 14. Qf2 Qc7
15. Bb6 Qb8 16. Ba7 Qc7 17. Bb6 Qb8 18. Bd3 d5 19. Ba7 Qc7 20. Bb6 Qb8 21. Bd4
dxe4 22. Nxe4 h4 23. Nxf6+ gxf6 24. f4 Bd5 25. Rhe1 Qc7 26. Be4 Bxe4 27. Rxe4
Rh5 28. Bc3 Rb5 29. a4 Rb6 30. Rd3 f5 31. Re2 Rc6 32. Qd4 Rd6 33. Qh8+ Kd7 34.
Rxd6+ Qxd6 35. Qh5 Rc5 36. Rd2 Rd5 37. Be5 Qc6 38. Qd1 Rxd2 39. Qxd2+ Ke8 40. b3
f6 41. Bb2 Kf7 42. Qf2 Qe4 43. Qxh4 Qxg2 44. Qh5+ Kf8 45. Qh8+ Kf7 46. Qh5+ Kf8
47. Qh8+ Kf7 48. Qh7+ Kf8 49. Qh6+ Kf7 50. h4 Qg6 51. Qh8 Bf8 52. Bc1 Qh6 53.
Qxh6 Bxh6 54. c4 Bf8 55. Kc2 Kg6 56. Bb2 Bd6 57. Kd3 Bxf4 58. b4 e5 59. c5 e4+
60. Kc4 Bb8 61. b5 f4 62. bxa6 bxa6 63. c6 f3 64. Bd4 f5 65. Kd5 Kh5 66. Bf2 Bc7
67. Kd4 Kg4 68. Kd5 Kf4 69. Kd4 Bb6+ 70. Kd5 e3 71. Bxe3+ Kxe3 0-1

[Event "6th Sharjah Masters 2023"]
[Site "Sharjah UAE"]
[Date "2023.05.18"]
[Round "2.39"]
[White "Petkov, Momchil"]
[Black "Bernadskiy, Vitaliy"]
[Result "1/2-1/2"]
[WhiteTitle "GM"]
[BlackTitle "GM"]
[WhiteElo "2522"]
[BlackElo "2592"]
[WhiteFideId "2921642"]
[BlackFideId "14100371"]
[EventDate "2023.05.17"]
[EventType "swiss"]

1. d4 d5 2. c4 e6 3. Nc3 Nf6 4. cxd5 exd5 5. Bg5 c6 6. e3 Be7 7. Bd3 O-O 8. Nge2
h6 9. Bh4 Re8 10. O-O Nbd7 11. a4 Bd6 12. Kh1 a5 13. Qc1 Qe7 14. e4 dxe4 15.
Nxe4 Qe6 16. Nxd6 Qxd6 17. Qd2 Nd5 18. Nc3 Qf4 19. Qxf4 Nxf4 20. Be4 Nb6 21.
Rfe1 Be6 22. Bg3 Nfd5 23. Nxd5 Bxd5 24. Bc2 Nc4 25. Bc7 Nxb2 26. Bxa5 Rxe1+ 27.
Bxe1 Re8 28. Bd2 g5 29. Re1 Rxe1+ 30. Bxe1 f6 31. Bc3 Nc4 32. Bd3 Kf7 33. Bxc4
Bxc4 34. a5 Ke6 35. Bb4 h5 1/2-1/2

[Event "6th Sharjah Masters 2023"]
[Site "Sharjah UAE"]
[Date "2023.05.19"]
[Round "3.1"]
[White "Ju, Wenjun"]
[Black "Praggnanandhaa, R"]
[Result "1/2-1/2"]
[WhiteTitle "GM"]
[BlackTitle "GM"]
[WhiteElo "2550"]
[BlackElo "2688"]
[WhiteFideId "8603006"]
[BlackFideId "25059530"]
[EventDate "2023.05.17"]
[EventType "swiss"]

1. d4 Nf6 2. c4 e6 3. Nf3 d5 4. g3 Bb4+ 5. Bd2 a5 6. Bg2 O-O 7. Qc2 Be7 8. O-O
c6 9. Bf4 Nbd7 10. Rd1 a4 11. Ne5 h6 12. h3 Qb6 13. Nc3 Qa6 14. c5 Nxe5 15. Bxe5
Nd7 16. Bc7 b6 17. cxb6 Bd8 18. e3 Bxc7 19. bxc7 Bb7 20. Ne2 Rfc8 21. Nf4 Rxc7
22. Nd3 Qa5 23. Rac1 Ba6 24. e4 Rac8 25. b4 axb3 26. axb3 c5 27. Ra1 Qb6 28.
Nxc5 Nxc5 29. dxc5 Rxc5 30. Qd2 Bb7 31. exd5 Bxd5 32. b4 Rb5 33. Bxd5 Rxd5 34.
Qb2 Rb5 35. Rd4 e5 36. Re4 Rb8 37. Rxe5 Rxb4 38. Qe2 Rb1+ 39. Rxb1 Qxb1+ 40. Kg2
Qb7+ 1/2-1/2

[Event "6th Sharjah Masters 2023"]
[Site "Sharjah UAE"]
[Date "2023.05.19"]
[Round "3.2"]
[White "Kovalev, Vladislav"]
[Black "Maghsoodloo, Parham"]
[Result "1/2-1/2"]
[WhiteTitle "GM"]
[BlackTitle "GM"]
[WhiteElo "2612"]
[BlackElo "2734"]
[WhiteFideId "13504398"]
[BlackFideId "12539929"]
[EventDate "2023.05.17"]
[EventType "swiss"]

1. e4 c5 2. Nf3 d6 3. d4 cxd4 4. Nxd4 Nf6 5. Nc3 a6 6. Bg5 Nbd7 7. Bc4 Qb6 8.
Bb3 e6 9. Qd2 Be7 10. O-O-O h6 11. Bh4 Nc5 12. Rhe1 O-O 13. Qe3 Qc7 14. g4 b5
15. g5 hxg5 16. Qxg5 Nd5 17. Qg3 Bxh4 18. Qxh4 Qe7 19. Qh5 Nxc3 20. bxc3 g6 21.
Qh6 Qf6 22. f4 Nxb3+ 23. axb3 e5 24. Ne2 exf4 25. Qxf4 Qxf4+ 26. Nxf4 Kg7 1/2-1/2

[Event "6th Sharjah Masters 2023"]
[Site "Sharjah UAE"]
[Date "2023.05.19"]
[Round "3.4"]
[White "Yu, Yangyi"]
[Black "Cheparinov, Ivan"]
[Result "1/2-1/2"]
[WhiteTitle "GM"]
[BlackTitle "GM"]
[WhiteElo "2729"]
[BlackElo "2660"]
[WhiteFideId "8603820"]
[BlackFideId "2905540"]
[EventDate "2023.05.17"]
[EventType "swiss"]

1. e4 c5 2. Nf3 d6 3. d4 cxd4 4. Nxd4 Nf6 5. Nc3 a6 6. Be2 e5 7. Nb3 Be7 8. O-O
O-O 9. Be3 Be6 10. Re1 Nc6 11. Bf3 Rc8 12. Qd2 h6 13. h3 Re8 14. Nd5 Nh7 15. Bg4
Bg5 16. Rad1 Bxg4 17. hxg4 Ne7 18. c3 Nxd5 19. Bxg5 Nxg5 20. Qxd5 Qd7 21. f3
Red8 22. Nd2 Qc7 23. Kf1 b5 1/2-1/2

[Event "6th Sharjah Masters 2023"]
[Site "Sharjah UAE"]
[Date "2023.05.19"]
[Round "3.5"]
[White "Niemann, Hans Moke"]
[Black "Yilmaz, Mustafa"]
[Result "1/2-1/2"]
[WhiteTitle "GM"]
[BlackTitle "GM"]
[WhiteElo "2708"]
[BlackElo "2641"]
[WhiteFideId "2093596"]
[BlackFideId "6302718"]
[EventDate "2023.05.17"]
[EventType "swiss"]

1. Nf3 d5 2. e3 Nf6 3. b3 g6 4. Bb2 Bg7 5. d4 O-O 6. Nbd2 b6 7. c4 Bb7 8. Rc1
Nbd7 9. Be2 c5 10. O-O Rc8 11. a3 Ne4 12. Rc2 Rc7 13. Qa1 Nxd2 14. Rxd2 dxc4 15.
Bxc4 Qa8 16. d5 Bxb2 17. Qxb2 b5 18. Bxb5 Bxd5 19. Rfd1 Bc6 20. Be2 Qb7 21. a4
Rcc8 22. Bf1 Rb8 23. Qa1 Qc7 24. Bc4 Nb6 25. Be2 Nd7 26. Qc3 Rb7 27. Bc4 Nf6 28.
Qe5 Ne4 29. Rc2 Rd8 30. Rdc1 Qd6 31. h3 Rbb8 32. a5 Qxe5 33. Nxe5 Be8 34. Bd3
Nd6 35. Bf1 Rxb3 36. Rxc5 f6 37. Nc4 Nb5 38. a6 Kg7 39. Na5 Rb2 40. Nc6 Bxc6 41.
Rxc6 Rdd2 42. f3 Kh6 43. Re6 Rd7 44. Rec6 Rdd2 45. Kh2 Nd6 46. e4 Nb5 47. Kh1
Nd4 48. Rc7 Ne2 49. Bxe2 Rxe2 50. Rg1 Rb6 51. Rxa7 Ra2 52. Rxe7 Rbxa6 53. Kh2
Ra7 54. Re6 R2a6 55. Rxa6 Rxa6 56. h4 Kg7 57. g4 Ra5 58. g5 f5 59. Kg3 fxe4 60.
fxe4 Ra3+ 61. Kf4 Rh3 62. Rg4 h5 63. gxh6+ Kxh6 64. Ke5 Kh5 65. Rg5+ Kh6 66. Kf6
Rf3+ 67. Ke7 Rf4 68. e5 Rxh4 69. Rg1 g5 70. e6 Kg6 71. Ke8 Re4 72. e7 g4 73. Kf8
Kg5 74. e8=Q Rxe8+ 75. Kxe8 Kf4 76. Kf7 g3 77. Kf6 Kf3 78. Kf5 g2 79. Ra1 Kf2
80. Kf4 g1=Q 81. Rxg1 Kxg1 1/2-1/2

[Event "6th Sharjah Masters 2023"]
[Site "Sharjah UAE"]
[Date "2023.05.19"]
[Round "3.7"]
[White "Predke, Alexandr"]
[Black "Aravindh, Chithambaram VR."]
[Result "1/2-1/2"]
[WhiteTitle "GM"]
[BlackTitle "GM"]
[WhiteElo "2685"]
[BlackElo "2633"]
[WhiteFideId "24107581"]
[BlackFideId "5072786"]
[EventDate "2023.05.17"]
[EventType "swiss"]

1. e4 c5 2. Nf3 g6 3. c3 d5 4. exd5 Qxd5 5. d4 Bg7 6. Nbd2 cxd4 7. Bc4 Qd8 8.
Nxd4 Nf6 9. O-O O-O 10. N2f3 Qc7 11. Qe2 Bg4 12. h3 Bxf3 13. Nxf3 Nc6 14. a4 h6
15. Bb5 e6 16. Bxc6 Qxc6 17. Bf4 Rfd8 18. Rfe1 Rac8 19. Ne5 Qe8 20. Qb5 Qe7 21.
Rad1 a6 22. Qb3 Kh7 23. Nc4 Rxd1 24. Rxd1 Ne4 25. Be3 Qc7 26. Nd2 Nd6 27. Qb6
Qb8 28. Qa7 Qc7 29. Qb6 Qb8 30. Qa7 Qc7 1/2-1/2

[Event "6th Sharjah Masters 2023"]
[Site "Sharjah UAE"]
[Date "2023.05.19"]
[Round "3.8"]
[White "Kadric, Denis"]
[Black "Sevian, Samuel"]
[Result "1/2-1/2"]
[WhiteTitle "GM"]
[BlackTitle "GM"]
[WhiteElo "2601"]
[BlackElo "2684"]
[WhiteFideId "14403803"]
[BlackFideId "2040506"]
[EventDate "2023.05.17"]
[EventType "swiss"]

1. e4 e5 2. Nf3 Nc6 3. Bc4 Bc5 4. O-O Nf6 5. d3 d6 6. c3 a5 7. Re1 Ba7 8. Na3
O-O 9. h3 Ne7 10. d4 Ng6 11. Bf1 Re8 12. dxe5 Nxe5 13. Nb5 Bb8 14. c4 c6 15. Nc3
Nxf3+ 16. Qxf3 d5 17. cxd5 Nxd5 18. Nxd5 1/2-1/2

[Event "6th Sharjah Masters 2023"]
[Site "Sharjah UAE"]
[Date "2023.05.19"]
[Round "3.9"]
[White "Esipenko, Andrey"]
[Black "Sargsyan, Shant"]
[Result "1/2-1/2"]
[WhiteTitle "GM"]
[BlackTitle "GM"]
[WhiteElo "2679"]
[BlackElo "2630"]
[WhiteFideId "24175439"]
[BlackFideId "13306766"]
[EventDate "2023.05.17"]
[EventType "swiss"]

1. Nf3 d5 2. g3 g6 3. Bg2 Bg7 4. d4 Nf6 5. O-O O-O 6. c4 c6 7. Qa4 Nfd7 8. cxd5
Nb6 9. Qd1 cxd5 10. Nc3 Nc6 11. e3 Bg4 12. h3 Bxf3 13. Qxf3 e6 14. b3 Rc8 15.
Bb2 a6 16. Qd1 Rc7 17. h4 Qe7 18. Ne2 Rfc8 19. Nf4 Nd7 20. Rc1 Qd6 21. Qd2 Ne7
22. Bc3 Nc6 23. Bb2 Ne7 24. Nd3 Rxc1 25. Rxc1 Rxc1+ 26. Qxc1 Nc6 27. Qc3 h5 28.
Qc1 1/2-1/2